[Event "LYM - Open Général"]
[Site "Lausanne - Casino de Montbenon"]
[Date "2005.09.16"]
[Round "1"]
[White "Levacic, Melissa"]
[Black "Berkes, Ferenc"]
[Result "0-1"]
[WhiteElo "1993"]
[BlackElo "2619"]
[PlyCount "46"]
[EventDate "2005.09.17"]
[SourceDate "2005.09.17"]

1. e4 c5 2. Nc3 Nc6 3. Bb5 e6 4. Bxc6 bxc6 5. d3 d5 6. f4 Nf6 7. Qe2 c4 8. Nf3
cxd3 9. Qxd3 a5 10. Ne5 Ba6 11. Qd4 dxe4 12. Qxd8+ Rxd8 13. Be3 Nd5 14. O-O-O
Bd6 15. Nxd5 cxd5 16. Nc6 Rc8 17. Nxa5 Bd3 18. c3 d4 19. Nb7 Bb8 20. Rxd3 exd3
21. Bxd4 Bxf4+ 22. Kd1 Rb8 23. Rf1 Rxb7 0-1

[Event "LYM - Open Général"]
[Site "Lausanne - Casino de Montbenon"]
[Date "2005.09.16"]
[Round "1"]
[White "Ghaem Maghami, Ehsan"]
[Black "Zuodar, Lucio"]
[Result "1-0"]
[WhiteElo "2603"]
[BlackElo "1991"]
[PlyCount "71"]
[EventDate "2005.09.17"]
[SourceDate "2005.09.17"]

1. c4 g6 2. d4 d6 3. g3 Bg7 4. Bg2 e5 5. Nf3 Nc6 6. d5 Nce7 7. Nc3 h6 8. c5
dxc5 9. Be3 b6 10. d6 cxd6 11. Nxe5 Rb8 12. Nc4 Bxc3+ 13. bxc3 d5 14. Bf4 Ra8
15. Nd6+ Kf8 16. c4 Nf6 17. cxd5 Nh5 18. Be5 f6 19. Nxc8 Rxc8 20. Bb2 Qd6 21.
O-O Rh7 22. e4 c4 23. Qa4 b5 24. Qxb5 c3 25. Bc1 f5 26. e5 Qxe5 27. Ba3 Rd8 28.
Rfe1 Qc7 29. d6 Rxd6 30. Bxd6 Qxd6 31. Rad1 Qa3 32. Rd8+ Kf7 33. Qc4+ Kg7 34.
Qd4+ Nf6 35. Rd7 Kg8 36. Qxf6 1-0

[Event "LYM - Open Général"]
[Site "Lausanne - Casino de Montbenon"]
[Date "2005.09.16"]
[Round "1"]
[White "Benassayag, Lucas"]
[Black "Petrosian, Tigran L"]
[Result "0-1"]
[WhiteElo "1986"]
[BlackElo "2581"]
[PlyCount "60"]
[EventDate "2005.09.17"]
[SourceDate "2005.09.17"]

1. e4 c5 2. Nf3 d6 3. d4 cxd4 4. Nxd4 Nf6 5. Nc3 g6 6. f3 Bg7 7. Be3 O-O 8. Qd2
Nc6 9. O-O-O d5 10. exd5 Nxd5 11. Nxc6 bxc6 12. Bd4 e5 13. Bc5 Be6 14. Bc4 Qh4
15. Bxd5 cxd5 16. g3 Qc4 17. Bxf8 Rxf8 18. Qe2 Qc5 19. h4 Rb8 20. g4 Qb4 21.
Qd3 e4 22. fxe4 dxe4 23. Qd8+ Rxd8 24. Rxd8+ Bf8 25. Rhd1 e3 26. R1d4 e2 27.
Kd2 Qxb2 28. Nxe2 Kg7 29. h5 Be7 30. Re8 Bg5+ 0-1

[Event "LYM - Open Général"]
[Site "Lausanne - Casino de Montbenon"]
[Date "2005.09.16"]
[Round "1"]
[White "Fridman, Daniel"]
[Black "Zahnd, Edy"]
[Result "1-0"]
[WhiteElo "2566"]
[BlackElo "1982"]
[PlyCount "67"]
[EventDate "2005.09.17"]
[SourceDate "2005.09.17"]

1. Nf3 Nf6 2. c4 e6 3. g3 b6 4. Bg2 Bb7 5. O-O c5 6. Nc3 Be7 7. Re1 O-O 8. e4
d6 9. d4 Nbd7 10. e5 Ne8 11. d5 exd5 12. Nxd5 dxe5 13. Nxe5 Nxe5 14. Rxe5 Bd6
15. Re1 Qd7 16. Bg5 f6 17. Bf4 Kh8 18. Qh5 Qf7 19. Qxf7 Rxf7 20. Rxe8+ Rxe8 21.
Bxd6 Rd8 22. Re1 h6 23. Bc7 Rc8 24. Bf4 Rd8 25. h4 g5 26. Bd2 gxh4 27. Bc3 Kg7
28. gxh4 Rd6 29. Re3 b5 30. Rg3+ Kh7 31. Be4+ f5 32. Bxf5+ Rxf5 33. Rg7+ Kh8
34. Rxb7+ 1-0

[Event "LYM - Open Général"]
[Site "Lausanne - Casino de Montbenon"]
[Date "2005.09.16"]
[Round "1"]
[White "Rovatti, Paolo"]
[Black "Malakhatko, Vadim"]
[Result "0-1"]
[WhiteElo "1966"]
[BlackElo "2556"]
[PlyCount "108"]
[EventDate "2005.09.17"]
[SourceDate "2005.09.17"]

1. e3 g6 2. Ne2 Bg7 3. d3 c5 4. Nd2 Nf6 5. g3 O-O 6. Bg2 Nc6 7. O-O d6 8. b3
Bg4 9. Bb2 Qd7 10. a3 Bh3 11. c4 Rfd8 12. Qc2 Bxg2 13. Kxg2 d5 14. Rad1 Rac8
15. Nf3 b6 16. Nf4 e6 17. Rfe1 Qb7 18. Qe2 dxc4 19. dxc4 g5 20. Rxd8+ Rxd8 21.
Bxf6 Bxf6 22. Nh5 Bc3 23. Rd1 g4 24. Ng5 f5 25. Rxd8+ Nxd8+ 26. Kg1 Qe7 27. Ne4
fxe4 28. Qxg4+ Kf8 29. Qxe4 Bb2 30. a4 Qb7 31. Qf4+ Ke8 32. Qh6 Qf7 33. Nf4 Be5
34. Nh3 Qg6 35. Qh4 Nf7 36. e4 h5 37. f3 Bd4+ 38. Kg2 Be3 39. Nf4 Bxf4 40. Qxf4
e5 41. Qd2 Qd6 42. Qe3 Qd4 43. Qc1 Qd3 44. Qb2 a5 45. h3 Kd7 46. g4 hxg4 47.
hxg4 Ke6 48. Kg3 Ng5 49. Qg2 Qe3 50. Qf1 Nxe4+ 51. Kg2 Qd2+ 52. Kg1 Ng5 53. Kh1
Qf4 54. Kg2 e4 0-1

[Event "LYM - Open Général"]
[Site "Lausanne - Casino de Montbenon"]
[Date "2005.09.16"]
[Round "1"]
[White "Gouliev, Namig"]
[Black "Chauvin, Denis"]
[Result "1-0"]
[WhiteElo "2555"]
[BlackElo "1961"]
[PlyCount "39"]
[EventDate "2005.09.17"]
[SourceDate "2005.09.17"]

1. e4 c5 2. Nf3 Nc6 3. d4 cxd4 4. Nxd4 Nf6 5. Nc3 e6 6. Ndb5 Bb4 7. a3 Bxc3+ 8.
Nxc3 d5 9. Bd3 dxe4 10. Nxe4 Nxe4 11. Bxe4 Qxd1+ 12. Kxd1 Bd7 13. Be3 f5 14.
Bf3 Kf7 15. Ke2 b6 16. Rhd1 Rad8 17. Rxd7+ Rxd7 18. Bxc6 Rc7 19. Ba4 b5 20. Bb3
1-0

[Event "LYM - Open Général"]
[Site "Lausanne - Casino de Montbenon"]
[Date "2005.09.16"]
[Round "1"]
[White "Garriga Solé, Josep"]
[Black "Kengis, Edvins"]
[Result "1/2-1/2"]
[WhiteElo "1959"]
[BlackElo "2534"]
[PlyCount "82"]
[EventDate "2005.09.17"]
[SourceDate "2005.09.17"]

1. d4 e6 2. e4 b6 3. Nc3 Bb7 4. Bd3 Nf6 5. Nge2 d6 6. Bg5 Be7 7. f4 Nbd7 8. O-O
a6 9. e5 Ng4 10. Bxe7 Qxe7 11. Qd2 O-O 12. Be4 Bxe4 13. Nxe4 f5 14. exd6 cxd6
15. Ng5 d5 16. Rae1 h6 17. Nf3 Ngf6 18. c4 Ne4 19. Qd3 dxc4 20. Qxc4 Rfc8 21.
Qb3 Qd6 22. Ng3 Qc6 23. Nxf5 Re8 24. Rc1 Qb5 25. Qxb5 axb5 26. Rc7 exf5 27.
Rxd7 Rxa2 28. Nh4 Rf8 29. Ng6 Rfa8 30. Ne7+ Kf7 31. Nxf5+ Ke6 32. Re7+ Kxf5 33.
g4+ Kxg4 34. Rxe4 Rxb2 35. f5+ Kh5 36. Re7 g5 37. fxg6 Kxg6 38. Re6+ Kg7 39.
Re7+ Kg6 40. Re6+ Kg7 41. Re7+ Kg6 1/2-1/2

[Event "LYM - Open Général"]
[Site "Lausanne - Casino de Montbenon"]
[Date "2005.09.16"]
[Round "1"]
[White "Janko, Michel"]
[Black "Lazarev, Vladimir"]
[Result "0-1"]
[WhiteElo "1945"]
[BlackElo "2518"]
[PlyCount "58"]
[EventDate "2005.09.17"]
[SourceDate "2005.09.17"]

1. e4 c5 2. Nf3 Nc6 3. d4 cxd4 4. Nxd4 Qb6 5. Nb5 Nf6 6. Be3 Qd8 7. N1c3 a6 8.
Nd4 d6 9. Be2 e6 10. Nb3 b5 11. Bg5 Be7 12. Qd2 h6 13. Bxf6 Bxf6 14. Nd1 Qc7
15. f4 Bb7 16. Bf3 g5 17. g3 gxf4 18. gxf4 Rg8 19. c3 Ne7 20. Nd4 Ng6 21. Rg1
O-O-O 22. Qe3 e5 23. Ne2 exf4 24. Nxf4 Bg5 25. Rxg5 hxg5 26. Ne2 Ne5 27. Bg2 f5
28. Nd4 f4 29. Qf2 Nd3+ 0-1

[Event "LYM - Open Général"]
[Site "Lausanne - Casino de Montbenon"]
[Date "2005.09.16"]
[Round "1"]
[White "Ginsburg, Gennadij"]
[Black "Petit, Jean-Gabriel"]
[Result "1-0"]
[WhiteElo "2513"]
[BlackElo "1941"]
[PlyCount "47"]
[EventDate "2005.09.17"]
[SourceDate "2005.09.17"]

1. e4 e5 2. Nf3 f5 3. Nxe5 Qf6 4. d4 d6 5. Nc4 fxe4 6. Nc3 Qg6 7. Ne3 Nf6 8.
Ncd5 Kd8 9. Nf4 Qe8 10. Be2 c6 11. c4 g5 12. Nh5 Nbd7 13. O-O Kc7 14. b4 d5 15.
b5 Qg6 16. bxc6 bxc6 17. cxd5 Nxd5 18. Bd2 N7b6 19. Ba5 Be6 20. Nc4 g4 21. Ng3
h5 22. Ne5 Qf6 23. Rc1 Bd7 24. Nxe4 1-0

[Event "LYM - Open Général"]
[Site "Lausanne - Casino de Montbenon"]
[Date "2005.09.17"]
[Round "2"]
[White "Berkes, Ferenc"]
[Black "Jessel, Stephen"]
[Result "1-0"]
[WhiteElo "2619"]
[BlackElo "2285"]
[PlyCount "65"]
[EventDate "2005.09.17"]
[SourceDate "2005.09.17"]

1. c4 e6 2. d4 d5 3. Nc3 Nf6 4. Bg5 Nbd7 5. e3 c6 6. cxd5 exd5 7. Bd3 Be7 8.
Qc2 O-O 9. Nf3 Re8 10. h3 Nf8 11. Bf4 Be6 12. O-O-O Qa5 13. Nd2 Qb4 14. Kb1
Rec8 15. Rc1 N6d7 16. a3 Qb6 17. Nb3 a5 18. Na4 Qa7 19. Nac5 h6 20. g4 Nxc5 21.
Nxc5 b6 22. Nxe6 fxe6 23. e4 b5 24. Be5 Nd7 25. exd5 Nxe5 26. dxe5 exd5 27. Bf5
Rc7 28. Be6+ Kh8 29. Qg6 Bg5 30. Bf5 Kg8 31. Qh7+ Kf8 32. Bg6 Rf7 33. Rxc6 1-0

[Event "LYM - Open Général"]
[Site "Lausanne - Casino de Montbenon"]
[Date "2005.09.17"]
[Round "2"]
[White "Safranska, Anda"]
[Black "Ghaem Maghami, Ehsan"]
[Result "0-1"]
[WhiteElo "2291"]
[BlackElo "2603"]
[PlyCount "106"]
[EventDate "2005.09.17"]
[SourceDate "2005.09.17"]

1. e4 c5 2. Nf3 d6 3. Bc4 Nc6 4. d3 g6 5. c3 Bg7 6. O-O Nf6 7. Bb3 O-O 8. Re1
Bg4 9. h3 Bxf3 10. Qxf3 b5 11. Qe2 Nd7 12. Bg5 b4 13. Bd5 Rc8 14. a3 bxc3 15.
bxc3 Nb6 16. Qc2 c4 17. Nd2 cxd3 18. Qxd3 h6 19. Be3 Ne5 20. Qa6 Rxc3 21. Qxa7
Nxd5 22. exd5 Nd3 23. Rf1 Rc7 24. Qa4 Qa8 25. Qe4 Nc5 26. Qf3 Nd7 27. Rac1 Rfc8
28. Rxc7 Rxc7 29. Rd1 Qxa3 30. h4 Ne5 31. Qe2 Qd3 32. Qxd3 Nxd3 33. Nf3 Nb4 34.
g3 Nc2 35. Bf4 Rc5 36. Rc1 Kh7 37. Kg2 Bb2 38. Rb1 Bf6 39. g4 Rxd5 40. g5 hxg5
41. hxg5 Bg7 42. Rb7 Bf8 43. Rb8 Kg8 44. Nh2 Nd4 45. Be3 Rb5 46. Rxf8+ Kxf8 47.
Bxd4 Rxg5+ 48. Kf3 Rb5 49. Nf1 f6 50. Nd2 Kf7 51. Ke4 e5 52. Ba1 Ke6 53. f3 Ra5
0-1

[Event "LYM - Open Général"]
[Site "Lausanne - Casino de Montbenon"]
[Date "2005.09.17"]
[Round "2"]
[White "Petrosian, Tigran L."]
[Black "Mamedjarova, Zeinab"]
[Result "1-0"]
[WhiteElo "2581"]
[BlackElo "2262"]
[PlyCount "115"]
[EventDate "2005.09.17"]
[SourceDate "2005.09.17"]

1. e4 e5 2. Nf3 Nf6 3. d4 Nxe4 4. Bd3 d5 5. Nxe5 Nd7 6. Nxd7 Bxd7 7. O-O Qh4 8.
c4 O-O-O 9. c5 g6 10. Nc3 Bg7 11. g3 Qh3 12. Nxe4 dxe4 13. Bxe4 Bb5 14. Bg2 Qe6
15. Be3 Bxf1 16. Bxf1 Rd7 17. Qa4 a6 18. Bg2 c6 19. d5 Rxd5 20. Bxd5 Qxd5 21.
Rd1 Qf5 22. Bf4 Rd8 23. Re1 Qxc5 24. Qb3 g5 25. Qxf7 gxf4 26. Qxg7 fxg3 27.
hxg3 Rd7 28. Qg4 Kc7 29. Qf3 Qd4 30. Re2 a5 31. Kg2 Qc4 32. b3 Qd4 33. Re6 Qd2
34. Re2 Qd4 35. Qf5 Kb6 36. Re5 Qd2 37. a3 Rd3 38. Qf7 Rd7 39. Qf8 Qc3 40. Qf5
Rd1 41. Re3 Qa1 42. b4 axb4 43. axb4 Rg1+ 44. Kh3 Rh1+ 45. Kg4 Qd1+ 46. f3 h5+
47. Kg5 Qd8+ 48. Kh6 Qh8+ 49. Kg6 Qg8+ 50. Kh6 Qh8+ 51. Kg5 Qd8+ 52. Qf6 Qd2
53. Qe7 Re1 54. Qc5+ Kc7 55. Qe5+ Kc8 56. Qf5+ Kb8 57. Qf4+ Kc8 58. Re8+ 1-0

[Event "LYM - Open Général"]
[Site "Lausanne - Casino de Montbenon"]
[Date "2005.09.17"]
[Round "2"]
[White "Peric, Slavisa"]
[Black "Fridman, Daniel"]
[Result "0-1"]
[WhiteElo "2280"]
[BlackElo "2566"]
[PlyCount "58"]
[EventDate "2005.09.17"]
[SourceDate "2005.09.17"]

1. d4 Nf6 2. Nf3 c5 3. d5 e6 4. Nc3 exd5 5. Nxd5 Nxd5 6. Qxd5 Nc6 7. Ng5 Qf6 8.
c3 Be7 9. g3 h6 10. Ne4 Qe6 11. Qxe6 fxe6 12. Be3 b6 13. Nd2 d5 14. Bg2 Ba6 15.
Nf3 Bf6 16. Rd1 Rd8 17. Bd2 Kf7 18. e3 e5 19. Bf1 Bxf1 20. Kxf1 e4 21. Ne1 d4
22. exd4 cxd4 23. cxd4 Bxd4 24. Bc1 Bf6 25. Rxd8 Rxd8 26. Ke2 Nd4+ 27. Kd1 Nb3+
28. Kc2 Rc8+ 29. Kxb3 Rxc1 0-1

[Event "LYM - Open Général"]
[Site "Lausanne - Casino de Montbenon"]
[Date "2005.09.17"]
[Round "2"]
[White "Malakhatko, Vadim"]
[Black "Philipps, Roy"]
[Result "0-1"]
[WhiteElo "2556"]
[BlackElo "2212"]
[PlyCount "92"]
[EventDate "2005.09.17"]
[SourceDate "2005.09.17"]

1. d4 Nf6 2. Nf3 g6 3. Bg5 Bg7 4. c3 b6 5. e3 Bb7 6. Nbd2 O-O 7. Be2 d6 8. O-O
Nbd7 9. Re1 e5 10. Nc4 e4 11. Nfd2 h6 12. Bh4 g5 13. Bg3 Ne8 14. f3 d5 15. Na3
f5 16. c4 f4 17. Bf2 Nd6 18. cxd5 fxe3 19. Bxe3 Nf5 20. Nf1 exf3 21. Bxf3 Nh4
22. Be2 Bxd5 23. Bc4 Nf6 24. Qb3 Kh8 25. Re2 Qd7 26. Rae1 Rae8 27. Nc2 c6 28.
Ng3 b5 29. Bxd5 Nxd5 30. Qd3 Nxe3 31. Rxe3 Qd5 32. Ne4 Rd8 33. Kh1 a6 34. Qe2
Nf5 35. Nc3 Nxd4 36. Nxd5 Nxe2 37. Ne7 Nf4 38. Nb4 c5 39. Nxa6 Bd4 40. Rf3 Bf6
41. Rxf4 Bxe7 42. Rfe4 Bd6 43. Re6 Kg7 44. g3 Rf6 45. Re8 Rxe8 46. Rxe8 Kf7 0-1

[Event "LYM - Open Général"]
[Site "Lausanne - Casino de Montbenon"]
[Date "2005.09.17"]
[Round "2"]
[White "Papadopoulou, Vera"]
[Black "Gouliev, Namig"]
[Result "0-1"]
[WhiteElo "2212"]
[BlackElo "2555"]
[PlyCount "106"]
[EventDate "2005.09.17"]
[SourceDate "2005.09.17"]

1. d4 d5 2. c4 dxc4 3. Nf3 Nf6 4. e3 e6 5. Bxc4 a6 6. O-O Nbd7 7. Nc3 c5 8. Qe2
b5 9. Bb3 Bb7 10. Rd1 Qc7 11. a3 Bd6 12. h3 O-O 13. dxc5 Nxc5 14. Bc2 Rad8 15.
Bd2 e5 16. e4 Ne6 17. Rac1 Qe7 18. Be3 Nf4 19. Qf1 b4 20. axb4 Bxb4 21. Bxf4
exf4 22. Nd5 Nxd5 23. exd5 Bxd5 24. Qd3 g6 25. Qxa6 Bxf3 26. gxf3 Bd2 27. Ra1
Qg5+ 28. Kf1 Qh5 29. Be4 Qxh3+ 30. Ke2 Qd7 31. Ra3 Rfe8 32. Rd3 Qxd3+ 33. Qxd3
Rxd3 34. Kxd3 Ba5 35. Kc4 f5 36. Bd5+ Kg7 37. b4 Bb6 38. Kb5 Bxf2 39. Kc6 h5
40. b5 Re2 41. Rb1 Rc2+ 42. Kb7 h4 43. b6 h3 44. Ka6 Bxb6 45. Kxb6 h2 46. Kb5
Rb2+ 47. Rxb2 h1=Q 48. Rb4 Qc1 49. Rc4 Qb2+ 50. Kc6 Qe5 51. Rb4 g5 52. Rb7+ Kh6
53. Rf7 g4 0-1

[Event "LYM - Open Général"]
[Site "Lausanne - Casino de Montbenon"]
[Date "2005.09.17"]
[Round "2"]
[White "Duratti, Lindo"]
[Black "Miezis, Normunds"]
[Result "0-1"]
[WhiteElo "2210"]
[BlackElo "2527"]
[PlyCount "118"]
[EventDate "2005.09.17"]
[SourceDate "2005.09.17"]

1. d4 Nf6 2. Nf3 e6 3. g3 b5 4. Bg2 Bb7 5. O-O c5 6. a4 b4 7. Nbd2 cxd4 8. Nb3
Be7 9. Nbxd4 O-O 10. Bg5 h6 11. Bxf6 Bxf6 12. Rc1 d5 13. c3 bxc3 14. Rxc3 a5
15. Qb3 Ba6 16. Rfc1 Nd7 17. e3 Qb6 18. Qxb6 Nxb6 19. b3 Nd7 20. Bf1 Bxf1 21.
Kxf1 Rfb8 22. Rc7 Ne5 23. Nd2 Nd3 24. R1c3 Nb4 25. N2f3 g6 26. Rc1 e5 27. Nb5
Rd8 28. Nd2 e4 29. Ke2 Bb2 30. Rb1 Be5 31. Rc5 Kg7 32. f4 Bf6 33. Rc7 Nd3 34.
Na7 Rdb8 35. Nc6 Rb6 36. Nd4 Raa6 37. Nb5 Rc6 38. Rd1 Bb2 39. Rd7 Rc2 40. Rxd5
Rac6 41. Nd4 Bxd4 42. Rxd4 f5 43. Rd5 R6c3 44. Rd4 Rxb3 45. g4 Rbb2 46. gxf5
gxf5 47. Rd5 Kg6 48. Rxa5 Nc1+ 49. Ke1 Ra2 50. Ra8 Kh5 51. Rf8 Kg4 52. Rg8+ Kh4
53. Rf8 Nd3+ 54. Ke2 Nb2 55. Rd8 Nxd1 56. Kxd1 Rc3 57. Ke2 Rxa4 58. Rd6 h5 59.
Rd5 Ra2 0-1

[Event "LYM - Open Général"]
[Site "Lausanne - Casino de Montbenon"]
[Date "2005.09.17"]
[Round "2"]
[White "Lazarev, Vladimir"]
[Black "Vianin, Pascal"]
[Result "1/2-1/2"]
[WhiteElo "2518"]
[BlackElo "2196"]
[PlyCount "135"]
[EventDate "2005.09.17"]
[SourceDate "2005.09.17"]

1. d4 Nf6 2. c4 e6 3. Nc3 Bb4 4. Qc2 O-O 5. a3 Bxc3+ 6. Qxc3 b6 7. Bg5 Bb7 8.
e3 d6 9. Nf3 Nbd7 10. Nd2 c5 11. dxc5 Nxc5 12. f3 e5 13. Bh4 Rc8 14. b4 Ne6 15.
Qb2 Qc7 16. Be2 d5 17. Bg3 d4 18. exd4 Nxd4 19. Qxd4 exd4 20. Bxc7 Rxc7 21. Nb3
Nh5 22. Kf2 Nf4 23. Rhc1 Rfc8 24. Bf1 Ne6 25. Rd1 Rd8 26. Rd2 Ba6 27. Rc1 Kf8
28. a4 Ke7 29. a5 bxa5 30. Nxa5 Rb8 31. Rb1 Kf6 32. b5 Bb7 33. Nb3 Rd8 34. Rbd1
Ke5 35. Re1+ Kf6 36. Ra1 Bc8 37. Rc1 Nc5 38. Nxd4 Ne6 39. Rcd1 Rcd7 40. Nb3
Rxd2+ 41. Rxd2 Rxd2+ 42. Nxd2 Ke5 43. Ke3 f5 44. Kd3 Nc5+ 45. Kc3 f4 46. Bd3 h6
47. Ne4 Na4+ 48. Kb3 Nb6 49. c5 Be6+ 50. Kb4 Nd5+ 51. Ka5 Kd4 52. Bb1 Ne3 53.
Ka6 Bc4 54. c6 Nd5 55. Kxa7 Bxb5 56. Kb7 Ne7 57. c7 Bd7 58. Nd6 Ke3 59. c8=Q
Bxc8+ 60. Nxc8 Nxc8 61. Kxc8 Kf2 62. h4 Kxg2 63. Be4 g5 64. hxg5 hxg5 65. Kc7
Kh3 66. Kd6 g4 67. fxg4 Kxg4 68. Ke5 1/2-1/2

[Event "LYM - Open Général"]
[Site "Lausanne - Casino de Montbenon"]
[Date "2005.09.17"]
[Round "2"]
[White "Mamedjarova, Turkan"]
[Black "Ginsburg, Gennadij"]
[Result "1/2-1/2"]
[WhiteElo "2208"]
[BlackElo "2513"]
[PlyCount "79"]
[EventDate "2005.09.17"]
[SourceDate "2005.09.17"]

1. d4 d5 2. Nf3 Nf6 3. e3 g6 4. b3 Bg7 5. Bb2 O-O 6. Be2 c5 7. O-O cxd4 8. exd4
Nc6 9. Re1 Ne4 10. c3 e5 11. h3 Re8 12. Bb5 Qb6 13. c4 exd4 14. Bxc6 d3 15.
Bxg7 Qxf2+ 16. Kh1 Bxh3 17. Rg1 Qg3 18. Bd4 bxc6 19. gxh3 Qxh3+ 20. Nh2 c5 21.
Qf3 Qxf3+ 22. Nxf3 cxd4 23. cxd5 Rad8 24. Nbd2 Rxd5 25. Rge1 Ng3+ 26. Kg2 Ne2
27. Rac1 g5 28. Rc4 Re6 29. b4 g4 30. Nh2 Nf4+ 31. Kf1 Rxe1+ 32. Kxe1 g3 33.
Nhf3 Rh5 34. Ne4 Rh1+ 35. Kd2 Rf1 36. Nh4 Rh1 37. Nf5 Rh2+ 38. Kd1 Rh1+ 39. Kd2
Rh2+ 40. Kd1 1/2-1/2

[Event "LYM - Open Général"]
[Site "Lausanne - Casino de Montbenon"]
[Date "2005.09.17"]
[Round "2"]
[White "Krivoshey, Sergei"]
[Black "Tournier, Pascal"]
[Result "1-0"]
[WhiteElo "2500"]
[BlackElo "2164"]
[PlyCount "69"]
[EventDate "2005.09.17"]
[SourceDate "2005.09.17"]

1. Nf3 c5 2. c4 Nf6 3. Nc3 d5 4. cxd5 Nxd5 5. d4 Nxc3 6. bxc3 g6 7. e4 Bg7 8.
Rb1 O-O 9. Be2 Nc6 10. d5 Bxc3+ 11. Bd2 Bxd2+ 12. Qxd2 Nd4 13. Nxd4 cxd4 14.
Qxd4 Qa5+ 15. Qd2 Qxd2+ 16. Kxd2 Rd8 17. Ke3 b6 18. Rhc1 e6 19. Bc4 Kf8 20. Bb3
Ke7 21. Rc7+ Rd7 22. Rbc1 Ba6 23. dxe6 fxe6 24. R1c6 e5 25. Re6+ Kd8 26. Rxd7+
Kxd7 27. Rxe5 Bb7 28. h4 Bc6 29. h5 Re8 30. Rxe8 Kxe8 31. h6 a5 32. Kd4 Ke7 33.
f4 Bd7 34. Bg8 b5 35. Bxh7 1-0

[Event "LYM - Open Général"]
[Site "Lausanne - Casino de Montbenon"]
[Date "2005.09.17"]
[Round "3"]
[White "Philippe, Christophe"]
[Black "Berkes, Ferenc"]
[Result "0-1"]
[WhiteElo "2411"]
[BlackElo "2619"]
[PlyCount "76"]
[EventDate "2005.09.17"]
[SourceDate "2005.09.17"]

1. e4 c5 2. Nc3 e6 3. Nf3 a6 4. d4 cxd4 5. Nxd4 Qc7 6. Be2 Nf6 7. O-O d6 8. f4
Be7 9. f5 e5 10. Nb3 b5 11. a4 b4 12. Nd5 Nxd5 13. exd5 Nd7 14. Be3 Bb7 15. Qd3
O-O 16. a5 Rac8 17. Rac1 Nf6 18. Bb6 Qd7 19. Bf3 Qb5 20. Qxb5 axb5 21. Rfd1 e4
22. Be2 Nxd5 23. Bxb5 Bg5 24. Bd7 Nxb6 25. axb6 Bxc1 26. Rxc1 Rcd8 27. Bb5 d5
28. Nc5 Rd6 29. Nxb7 Rxb6 30. Bd7 Rxb7 31. Bc6 Re7 32. Bxd5 Re5 33. Bb7 e3 34.
g4 h5 35. h3 Rd8 36. c4 hxg4 37. hxg4 Rd2 38. b3 Rb2 0-1

[Event "LYM - Open Général"]
[Site "Lausanne - Casino de Montbenon"]
[Date "2005.09.17"]
[Round "3"]
[White "Ghaem Maghami, Ehsan"]
[Black "Serafimov, Tervel"]
[Result "1/2-1/2"]
[WhiteElo "2603"]
[BlackElo "2403"]
[PlyCount "78"]
[EventDate "2005.09.17"]
[SourceDate "2005.09.17"]

1. e4 c6 2. c4 d6 3. d4 Na6 4. Nc3 e5 5. Nf3 exd4 6. Nxd4 Nf6 7. g3 g6 8. Bg2
Bg7 9. O-O O-O 10. h3 Re8 11. Bf4 Nc5 12. Re1 Nh5 13. Be3 Nf6 14. Qc2 a5 15.
Rad1 Qe7 16. f4 Qc7 17. Ndb5 cxb5 18. Nxb5 Qe7 19. Nxd6 Na6 20. e5 Nd7 21. Qa4
Rd8 22. Qxa5 b6 23. Qa4 Ra7 24. Nb5 Rc7 25. Nxc7 Nxc7 26. Qa7 Ne6 27. Bxb6 Re8
28. Bf2 Bf8 29. b4 Qxb4 30. Bc6 Rd8 31. Qa4 Qe7 32. Qc2 Ndc5 33. Bg2 Bd7 34.
Rd5 Na6 35. Red1 Nb4 36. Qd2 Nxd5 37. cxd5 Ng7 38. Rb1 Bf5 39. Rb3 h5 1/2-1/2

[Event "LYM - Open Général"]
[Site "Lausanne - Casino de Montbenon"]
[Date "2005.09.17"]
[Round "3"]
[White "Wohl, Alexandar"]
[Black "Petrosian, Tigran L."]
[Result "1/2-1/2"]
[WhiteElo "2403"]
[BlackElo "2581"]
[PlyCount "144"]
[EventDate "2005.09.17"]
[SourceDate "2005.09.17"]

1. e4 c5 2. Nf3 d6 3. Bb5+ Nc6 4. O-O Bd7 5. c3 Nf6 6. Re1 a6 7. Ba4 b5 8. Bb3
c4 9. Bc2 e5 10. b3 Be7 11. bxc4 bxc4 12. Na3 Na5 13. Ba4 O-O 14. Bxd7 Nxd7 15.
d4 cxd3 16. Qxd3 Qc7 17. c4 Rfc8 18. Be3 Qc6 19. Nd2 Qa4 20. Nab1 Nxc4 21. Nc3
Nb2 22. Nxa4 Nxd3 23. Red1 Rab8 24. a3 g6 25. Kf1 f5 26. f3 Rb5 27. Ke2 Ra5 28.
Kxd3 Rxa4 29. Rdb1 d5 30. Rb7 d4 31. Rxd7 Rc3+ 32. Ke2 Rxe3+ 33. Kf2 Bf8 34.
exf5 gxf5 35. g4 Raxa3 36. Rxa3 Rxa3 37. Nc4 Ra2+ 38. Kg3 f4+ 39. Kh4 h6 40. h3
e4 41. fxe4 f3 42. Kg3 f2 43. Kg2 a5 44. e5 a4 45. Nb6 a3 46. Nd5 Bg7 47. Ne7+
Kh8 48. Ng6+ Kh7 49. Nf4 Ra1 50. Kxf2 a2 51. Ra7 d3 52. Nxd3 Rh1 53. Ne1 Rh2+
54. Ng2 Rxh3 55. Nf4 Rh1 56. Rxa2 Rh2+ 57. Ng2 Bxe5 58. Ra4 Rh1 59. Nf4 Kg7 60.
Nh5+ Kg6 61. Ra6+ Kg5 62. Ra5 Kxg4 63. Rxe5 Rh2+ 64. Kg1 Rxh5 65. Rxh5 Kxh5 66.
Kh1 Kg4 67. Kg1 Kg3 68. Kh1 h5 69. Kg1 h4 70. Kh1 h3 71. Kg1 h2+ 72. Kh1 Kh3
1/2-1/2

[Event "LYM - Open Général"]
[Site "Lausanne - Casino de Montbenon"]
[Date "2005.09.17"]
[Round "3"]
[White "Fridman, Daniel"]
[Black "Cornette, Matthieu"]
[Result "1/2-1/2"]
[WhiteElo "2566"]
[BlackElo "2391"]
[PlyCount "82"]
[EventDate "2005.09.17"]
[SourceDate "2005.09.17"]

1. Nf3 b6 2. c4 Bb7 3. Nc3 e6 4. g3 Nf6 5. Bg2 g6 6. d4 Bg7 7. d5 O-O 8. O-O
exd5 9. cxd5 c5 10. Ne5 d6 11. Nc4 Ne8 12. Bf4 g5 13. Bd2 f5 14. f4 g4 15. e4
Ba6 16. Ne3 Bxf1 17. Kxf1 h5 18. Nxf5 Rxf5 19. exf5 Bd4 20. h3 Qc8 21. hxg4
Qa6+ 22. Ke1 Nf6 23. g5 Nbd7 24. gxf6 Re8+ 25. Ne2 Nxf6 26. Bf3 Qd3 27. Qb3 c4
28. Qxd3 cxd3 29. Bc3 Bxc3+ 30. bxc3 dxe2 31. Rc1 Kg7 32. Bxe2 h4 33. gxh4 Nxd5
34. Kd2 Nxf4 35. Rg1+ Kf6 36. Bd1 Rh8 37. h5 Kxf5 38. Rg7 Nxh5 39. Rxa7 Nf6 40.
Bc2+ Ke5 41. Rg7 Ne4+ 1/2-1/2

[Event "LYM - Open Général"]
[Site "Lausanne - Casino de Montbenon"]
[Date "2005.09.17"]
[Round "3"]
[White "Gouliev, Namig"]
[Black "Gerber, Richard"]
[Result "1-0"]
[WhiteElo "2555"]
[BlackElo "2373"]
[PlyCount "43"]
[EventDate "2005.09.17"]
[SourceDate "2005.09.17"]

1. e4 c5 2. Nf3 d6 3. d4 cxd4 4. Nxd4 Nf6 5. Nc3 g6 6. Be2 Bg7 7. O-O O-O 8.
Bg5 Nc6 9. Nb3 a6 10. a4 Be6 11. f4 Na5 12. Nxa5 Qxa5 13. Kh1 Rac8 14. Bd3 Rc5
15. Qd2 Rfc8 16. Bh4 Rh5 17. Bg3 Ng4 18. Qe2 Bxc3 19. bxc3 Qxc3 20. f5 gxf5 21.
exf5 Bxf5 22. Bxf5 1-0

[Event "LYM - Open Général"]
[Site "Lausanne - Casino de Montbenon"]
[Date "2005.09.17"]
[Round "3"]
[White "Miezis, Normunds"]
[Black "Brendel, Olivier"]
[Result "1-0"]
[WhiteElo "2527"]
[BlackElo "2343"]
[PlyCount "55"]
[EventDate "2005.09.17"]
[SourceDate "2005.09.17"]

1. c4 Nf6 2. Nc3 d5 3. cxd5 Nxd5 4. g3 g6 5. Bg2 Nb6 6. d3 Bg7 7. Bd2 O-O 8.
Qc1 a5 9. Bh6 a4 10. h4 Bxh6 11. Qxh6 Qd4 12. h5 Qg7 13. Qc1 a3 14. hxg6 hxg6
15. bxa3 Ra5 16. Ne4 f5 17. Ng5 Rc5 18. Qd1 Nc6 19. Rc1 Rc3 20. Qd2 Rxa3 21.
Bxc6 bxc6 22. f4 Qd4 23. N1f3 Qa4 24. Rh6 Rf6 25. Kf2 Nd7 26. Qe3 Qa7 27. Nd4
Qb6 28. Rch1 1-0